000 00572nam a22001817a 4500
005 20231121070549.0
008 231121b |||||||| |||| 00| 0 eng d
020 _a9780409078879
041 _aEnglish
082 _a343.4 PRA
100 _aClegg, D and Kotze, C
_lEnglish
245 _aLexisNexis Practical Guide to Tax in Namibia /
_cD Clegg and C Kotze
250 _aEighth Edition
260 _aDurban :
_bLexisNexis (Pty) Ltd,
_c2012
300 _bxvi, 205 pages ;
_c22 cm.
650 _aLegal practice
_bLaw
942 _cBK
_6ALISON_BN_VRIES
999 _c821
_d821